Du lịch ba miền T.2 Về miền Trung
v.v...
Đã lưu trong:
| Tác giả chính: | |
|---|---|
| Định dạng: | Sách |
| Năm xuất bản: |
Tp.Hồ Chí Minh.
Nxb Trẻ
1999
|
| Chủ đề: | |
| Tags: |
Thêm thẻ
Không có thẻ, Hãy là người đầu tiên gắn thẻ bản ghi này!
|
| LEADER | 01017nam a2200205 4500 | ||
|---|---|---|---|
| 082 | |a 915.974 |b B566 NG | ||
| 100 | |a Bửu Ngôn | ||
| 245 | |a Du lịch ba miền |c Bửu Ngôn |n T.2 |p Về miền Trung | ||
| 260 | |a Tp.Hồ Chí Minh. |b Nxb Trẻ |c 1999 | ||
| 300 | |a 171tr. |c 19cm | ||
| 520 | |a v.v... | ||
| 653 | |a Địa lý | ||
| 653 | |a Du lịch | ||
| 653 | |a Miền Trung | ||
| 653 | |a Việt Nam | ||
| 942 | |2 ddc |c STK0 | ||
| 999 | |c 5897 |d 5897 | ||
| 952 | |0 0 |1 0 |2 ddc |4 0 |6 915_974000000000000_B_566_NG |7 0 |8 900 |9 54180 |a qbu |b qbu |c D5 |d 2014-12-30 |g 18000 |o 915.974 B 566 NG |p 4405.C1 |r 2015-10-29 |w 2014-12-30 |y STK0 |0 0 |6 915_974000000000000_B_566_NG | ||
| 952 | |0 0 |1 0 |2 ddc |4 0 |6 915_974000000000000_B_566_NG |7 0 |8 900 |9 54181 |a qbu |b qbu |c D5 |d 2014-12-30 |g 18000 |o 915.974 B 566 NG |p 4405.C2 |r 0000-00-00 |w 2014-12-30 |y STK0 |0 0 |6 915_974000000000000_B_566_NG | ||
| 952 | |0 0 |1 0 |2 ddc |4 0 |6 915_974000000000000_B_566_NG |7 0 |8 900 |9 54182 |a qbu |b qbu |c D5 |d 2014-12-30 |g 18000 |o 915.974 B 566 NG |p 4405.C3 |r 0000-00-00 |w 2014-12-30 |y STK0 |0 0 |6 915_974000000000000_B_566_NG | ||